000 00544nam a2200169 4500
999 _c12891
_d12891
020 _a9780831708269
082 _a222.43 D2491 [1989]
245 _aDavid
260 _aTokyo
_bFroebel-Kan Co., Ltd.
_c[c1989]
300 _a1 volume [unpaged]
_bcol. ill.
_c27 x 19 cm.
490 _aFamous stories from the Bible
526 _a200-299
_d220
600 _aDavid
_q(Biblical character)
_xJuvenile literature
650 _aBible stories--Old Testament
650 _aBoard book, David (Biblical character) -- Juvenile literature.
942 _2ddc
_cBK